Effective writing for commerce and industry (Record no. 7385)

MARC details
000 -LEADER
fixed length control field 00387nam a2200145 4500
020 ## - INTERNATIONAL STANDARD BOOK NUMBER
ISBN 1-871950-00-7
050 ## - CALL NUMBER
Classification number PE1115 .A
100 ## - AUTHOR
Personal name Austin, Mike
245 ## - TITLE
Title Effective writing for commerce and industry
Statement of responsibility, etc by Mike Austin
260 ## - PUBLICATION INFORMATION
Place of publication Devon
Name of publisher MA Publications
300 ## - DESCRIPTION
Number of Pages 99p.
650 ## - SUBJECTS
Topical Term English language--Business English
650 ## - SUBJECTS
Topical Term English language--Writing.
942 ## - ADDED ENTRY ELEMENTS (KOHA)
Koha item type Books
Holdings
Withdrawn status Lost status Collection code Home library Current library Shelving location Date acquired Full call number Accession Number Koha item type
    Non-fiction Methodist University Library Main Methodist University Library Main General Stacks 10/08/2020 PE1115 .Au7 12233 Books
Copyright © 2026  MUG Library